Statistics for P Literature

Click here to take the quiz!

General Stats

  • This quiz has been taken 93 times
  • The average score is 13 of 28

Answer Stats

HintAnswer% Correct
Boy who never grows upPeter Pan
98%
Jane Austen classicPride and Prejudice
95%
The ________ of Dorian GrayPicture
93%
Everyone's favourite nannyPoppins
80%
Milton's lost and regainedParadise
76%
John Grisham, The _________ BriefPelican
76%
E.M. Forster classic, A _________ to IndiaPassage
75%
Swedish pigtailed red headPippi Longstocking
75%
The Bell JarPlath
75%
Ancient Greek philosopherPlato
75%
Beatrix Potter bunnyPeter Rabbit
69%
Wizard with a scarPotter
67%
Shaw's fair ladyPygmalion
62%
American gothic poetPoe
61%
Another Jane Austen classicPersuasion
57%
Shakespeare's fairyPuck
51%
Common title word for Twain, Conroy, Machiavelli, and LewisPrince
38%
Gravity's Rainbow authorPynchon
27%
Ken Follett 1989 publicationThe Pillars of the Earth
17%
Author of My Sister's KeeperPicoult
15%
Barbara Kingsolver's this type of BibleThe Poisonwood Bible
13%
Author of Little Red Riding HoodPerrault
11%
The Red ________Pony
11%
Captain Underpants creatorPilkey
8%
Stephen KingPet Sematary
5%
Agatha Christie 1970 publicationPassenger to Frankfurt
4%
These types of "Bedtime Stories" by GarnerPolitically Correct
4%
Geraldine BrooksPeople of the Book
0%

Score Distribution

Percentile by Number Answered

Percent of People with Each Score

Your Score History

You have not taken this quiz